00366nam a2200133Ia 4500008004100000100004300041245004800084250001100132260003700143300000800180650002200188942000700210999001500217190216s9999||||xx |||||||||||||| ||und|| aAtkins Robertc & Francis A Carrey 0aOrganic Chemistry Students Solutions Manual a5th ed bTata Mcgrawhill Publishersc2003 a856 aOrganic Chemistry cBK c3164d3164